| 000 | 00473nam a2200157Ia 4500 | ||
|---|---|---|---|
| 008 | 210210b1975 xxu||||| |||| 00| 0 eng d | ||
| 082 | _a546 RAST | ||
| 100 | _aRASTOGI (Subhash Chandra) and others. | ||
| 245 | _aText book of inorganic chemistry.V2-Valency and nuclear and nuclear chemistry.Ed 3. | ||
| 250 | _a | ||
| 260 |
_aMeerut _bPragati Prakashan _c1975 |
||
| 300 | _axii,288 | ||
| 650 | _aInorganic Chemistry | ||
| 690 | _aInorganic Chemistry | ||
| 906 | _aSG00661 | ||
| 999 |
_c112121 _d112121 |
||